Equipos De Fútbol En Los Que Ha Jugado Ricky van Wolfswinkel - Estadísticas

Estadísticas generales
  • Esta prueba ha sido intentada 2 veces
  • La puntuación promedio es 5 de 9
Estadísticas de respuestas
Team % Correcto
Países Bajos
100%
Sporting de Lisboa
100%
Twente
100%
Basilea
50%
Utrecht
50%
Vitesse
50%
Norwich City
0%
Real Betis Balompié
0%
Saint-Étienne
0%
No se encontraron pruebas coincidentes
Distribución de puntuación
Porcentaje de gente con cada puntuación
Porcentaje por número respondido
Historial de tus puntuaciones
No has intentado esta prueba.